000 00604nam a2200229Ia 4500
003 OSt
005 20220923230334.0
006 a|||||r|||| 00| 0
007 ta
008 Pun
024 _a279,567
037 _cTextual
040 _aARTS
_cARTS
_bPun
041 _2Pun
_aPun
082 _aO153,1NSHx, M1
100 _aFੌਕ, ਗੁਰਬ॥F ਸਿੰਘ
_9168989
245 0 _aFੌਕ ਤਰਾਨੇ
260 _c1981
650 _aਪੰਜਾਬੀ ਸਾਹਿਤ
942 _hO153,1NSHx, M1
_cTEXL
_2CC
999 _c384070
_d384070